Advances in Cryptology – EUROCRYPT 2014 33rd Annual International Conference on the Theory and Applications of Cryptographic Techniques, Copenhagen, Denmark, May 11-15, 2014. Proceedings /

This book constitutes the proceedings of the 33rd Annual International Conference on the Theory and Applications of Cryptographic Techniques, EUROCRYPT 2014, held in Copenhagen, Denmark, in May 2014. The 38 full papers included in this volume were carefully reviewed and selected from 197 submissions...

Full description

Bibliographic Details
Corporate Author: SpringerLink (Online service)
Other Authors: Nguyen, Phong Q. (Editor), Oswald, Elisabeth (Editor)
Format: Electronic eBook
Language:English
Published: Berlin, Heidelberg : Springer Berlin Heidelberg : Imprint: Springer, 2014.
Series:Lecture Notes in Computer Science, 8441
Subjects:
Online Access:Full Text via HEAL-Link
LEADER 02964nam a22005055i 4500
001 978-3-642-55220-5
003 DE-He213
005 20151031081114.0
007 cr nn 008mamaa
008 140430s2014 gw | s |||| 0|eng d
020 |a 9783642552205  |9 978-3-642-55220-5 
024 7 |a 10.1007/978-3-642-55220-5  |2 doi 
040 |d GrThAP 
050 4 |a QA76.9.A25 
072 7 |a URY  |2 bicssc 
072 7 |a COM053000  |2 bisacsh 
082 0 4 |a 005.82  |2 23 
245 1 0 |a Advances in Cryptology – EUROCRYPT 2014  |h [electronic resource] :  |b 33rd Annual International Conference on the Theory and Applications of Cryptographic Techniques, Copenhagen, Denmark, May 11-15, 2014. Proceedings /  |c edited by Phong Q. Nguyen, Elisabeth Oswald. 
264 1 |a Berlin, Heidelberg :  |b Springer Berlin Heidelberg :  |b Imprint: Springer,  |c 2014. 
300 |a XIV, 714 p. 77 illus.  |b online resource. 
336 |a text  |b txt  |2 rdacontent 
337 |a computer  |b c  |2 rdamedia 
338 |a online resource  |b cr  |2 rdacarrier 
347 |a text file  |b PDF  |2 rda 
490 1 |a Lecture Notes in Computer Science,  |x 0302-9743 ;  |v 8441 
505 0 |a Public key cryptanalysis -- Identity-based encryption -- Key derivation and quantum computing -- Secret-key analysis and implementations -- Obfuscation and multi linear maps -- Authenticated encryption -- Symmetric encryption -- Multi-party encryption -- Side-channel attacks -- Signatures and public-key encryption -- Functional encryption -- Foundations -- Multi-party computation. 
520 |a This book constitutes the proceedings of the 33rd Annual International Conference on the Theory and Applications of Cryptographic Techniques, EUROCRYPT 2014, held in Copenhagen, Denmark, in May 2014. The 38 full papers included in this volume were carefully reviewed and selected from 197 submissions. They deal with public key cryptanalysis, identity-based encryption, key derivation and quantum computing, secret-key analysis and implementations, obfuscation and multi linear maps, authenticated encryption, symmetric encryption, multi-party encryption, side-channel attacks, signatures and public-key encryption, functional encryption, foundations and multi-party computation. 
650 0 |a Computer science. 
650 0 |a Computer security. 
650 0 |a Data encryption (Computer science). 
650 0 |a Algorithms. 
650 1 4 |a Computer Science. 
650 2 4 |a Data Encryption. 
650 2 4 |a Algorithm Analysis and Problem Complexity. 
650 2 4 |a Systems and Data Security. 
700 1 |a Nguyen, Phong Q.  |e editor. 
700 1 |a Oswald, Elisabeth.  |e editor. 
710 2 |a SpringerLink (Online service) 
773 0 |t Springer eBooks 
776 0 8 |i Printed edition:  |z 9783642552199 
830 0 |a Lecture Notes in Computer Science,  |x 0302-9743 ;  |v 8441 
856 4 0 |u http://dx.doi.org/10.1007/978-3-642-55220-5  |z Full Text via HEAL-Link 
912 |a ZDB-2-SCS 
912 |a ZDB-2-LNC 
950 |a Computer Science (Springer-11645)